Urbánna chudoba na Slovensku

Analýza mestskej chudoby, vybrané indikátory, ich silné a slabé stránky. Základná interpretácia hodnôt indikátorov a ich kontext. Prezentácia výsledkov klastrovej analýzy, prostredníctvom ktorej sú klasifikované mestá do kategórií s odlišnou mierou rizikovosti chudoby.

Enregistré dans:
Détails bibliographiques
Auteur principal: Gerbery, Daniel
Autres auteurs: Džambazovič, Roman
Format: Chapitre de livre
Langue:slovaque
Sujets:
Tags: Ajouter un tag
Pas de tags, Soyez le premier à ajouter un tag!

MARC

LEADER 00000naa a2200000 4500
001 0238043
005 20220805075651.4
041 0 |a slo 
044 |a SK 
245 1 0 |a Urbánna chudoba na Slovensku  |c Daniel Gerbery, Roman Džambazovič 
520 |a Analýza mestskej chudoby, vybrané indikátory, ich silné a slabé stránky. Základná interpretácia hodnôt indikátorov a ich kontext. Prezentácia výsledkov klastrovej analýzy, prostredníctvom ktorej sú klasifikované mestá do kategórií s odlišnou mierou rizikovosti chudoby. 
610 2 0 |a mestá 
610 2 0 |a Slovensko 
610 2 0 |a analýza zhluková 
610 2 0 |a chudoba 
100 1 |a Gerbery, Daniel 
700 1 |a Džambazovič, Roman